Statystyki dla "Złoty Wiek" Rzeczpospolitej

Kliknij tutaj aby rozwiązać quiz!

Ogólne statystyki

  • Ten quiz został rozwiązany 200 razy
  • Średni wynik to 6 z 15

Statystyki odpowiedzi

ZagadnienieOdpowiedź% Poprawnych
Bona Sforza była żonaZygmunta Starego
68%
Sejm ekstraordynaryjny zwoływany byłw przypadku nadzywczajnego wydarzenia, np wojny
60%
W którym roku doszło do zjazdu w Wiedniu1515 r.
58%
Za którego władcy uchwalono konstytucję Nihil noviAleksander Jagiellończyk
52%
Kto uczestniczył w zjeździe wiedeńskimZygmunt I Stary, Maksymilian I, Władysław Jagiellończyk
52%
Od 1573 r. sejm zwykł miał być zwoływanyco 2 lata i trwać 6 tygodni
51%
W którym roku odbył się pierwszy sejm walny1493 r.
46%
Co oznacza łaciński zwrot "vivente rege"za życia władcy
42%
W co przekształciła się dawna rada królewskasenat
40%
Wskaż zestawienie zawierające układ chronologicznybitwa pod Orszą, bitwa pod Mochaczem, bitwa pod Obertynem
35%
W którym roku zawarto pokój wieczysty z imperium osmańskim1533 r.
32%
Co rozpoczynało obrady sejmumsza święta
32%
Przedstawiciele ruchu egzekucyjnego w polsceMikołaj Sienicki, Jan Ostroróg
31%
Przywilej, którym zagwarantowano szlachcie nietykalność osobistą. "Neminem captivabimus nisi iure victum"Przywileje jedleńsko-krakowskie 1430-1433 r.
31%
Wiece generalne prowincjonalne odbywały sięw Korczynie dla Małopolski i w Kole dla Wielkopolski
12%

Rozkład punktacji

Percentyl według liczby udzielonych odpowiedzi

Procent ludzi z każdym wynikiem

Twoja historia wyników

Nie rozwiązałeś tego quizu